000 00818nam a22002057a 4500
003 BDDh-ASL
005 20231015031331.0
008 230412s2013 b ||||| |||| 00| 0 b d
040 _cBDDh-ASL
041 _abengali
082 _a364.943
_bSIC
100 1 _aসিদ্দিক, মুহাম্মাদ
_cড.
_98010
245 1 0 _aক্রুসেডের গণহত্যা:
_bঅতীত ও বর্তমান /
246 _aCrusade Ganohottya: Otit O Bartoman.
260 _aঢাকা:
_bঢাকা পাবলিকেশন্স,
_c২০১৩।
300 _a৩৬০ পৃষ্ঠা:
_bছবি;
_c২২ সে.মি.
650 0 _aGenocide (গণহত্যা) Gonohotta, Ganahotta
_96092
651 0 _aCrusade (ক্রুসেড)
_98014
942 _2ddc
_cBK
999 _c31956
_d31956